I convocati del Real Madrid per la Champions League 2024/2025 - Statistics

Statistiche generali
  • Questo quiz è stato fatto 66 volte
  • Il punteggio medio è 18 su 25
Statistiche sulle risposte
con Immagini Risposta % Corretto
Thibaut Courtois
97%
Antonio Rüdiger
91%
Kylian Mbappé
91%
Luka Modrić
91%
Vinícius Junior
91%
Dani Carvajal
89%
Éder Militão
89%
Eduardo Camavinga
89%
Federico Valverde
89%
Jude Bellingham
89%
Andriy Lunin
88%
Brahim Díaz
88%
Rodrygo
88%
Arda Güler
86%
David Alaba
84%
Endrick
84%
Ferland Mendy
84%
Aurelién Tchouaméni
80%
Lucas Vázquez
66%
Dani Ceballos
64%
Fran García
56%
Jesús Vallejo
55%
Sergio Mestre
6%
Lorenzo Aguado
3%
Kike Ribes
2%
Nessun quiz corrispondente trovato
Distribuzione punteggi
Percentuale di utenti per punteggio
Percentile per numero di risposta
I tuoi punteggi nel tempo
Non hai fatto questo quiz